[Event "Klatovy op-B 23rd"]
[Site "Klatovy"]
[Date "2017.07.07"]
[Round "7"]
[White "Parpel, Petr"]
[Black "Pravda, Krystof"]
[Result "1-0"]
[WhiteElo "1758"]
[BlackElo "1636"]
[PlyCount "51"]
[EventDate "2017.07.01"]
[EventType "swiss"]
[EventRounds "9"]
[EventCountry "CZE"]
[SourceTitle "EXT 2018"]
[Source "ChessBase"]
[SourceDate "2017.10.13"]
[SourceVersion "1"]
[SourceVersionDate "2017.10.13"]
[SourceQuality "1"]

1. d4 d5 2. Nf3 Nf6 3. c4 e6 4. Nc3 Be7 5. e3 0-0 6. Qc2 c5 7. cxd5 exd5 8. Be2 b6 9. b3 Nc6 10. Bb2 Nb4 11. Qd1 Bf5 12. 0-0 Ng4 13. a3 Nc2 14. Rc1 Ncxe3 15. fxe3 Nxe3 16. Qd2 Nxf1 17. Rxf1 Be4 18. Nxe4 dxe4 19. Ne5 Bd6 20. Qe3 cxd4 21. Bxd4 Qc7 22. Nxf7 Bxh2+ 23. Kh1 Rxf7 24. Bc4 Raf8 25. Qg5 Kh8 26. Qxg7+ 1-0

[Event "Klatovy op-B 22nd"]
[Site "Klatovy"]
[Date "2016.07.09"]
[Round "8"]
[White "Parpel, Petr"]
[Black "Leseticky, Vladimir"]
[Result "1/2-1/2"]
[WhiteElo "1787"]
[BlackElo "1665"]
[PlyCount "52"]
[EventDate "2016.07.02"]
[EventType "swiss"]
[EventRounds "9"]
[EventCountry "CZE"]
[SourceTitle "EXT 2019"]
[Source "ChessBase"]
[SourceDate "2018.10.10"]
[SourceVersion "1"]
[SourceVersionDate "2018.10.10"]
[SourceQuality "1"]

1. d4 d5 2. c4 e6 3. Nc3 Nf6 4. e3 Be7 5. Nf3 0-0 6. Qc2 Nc6 7. a3 b6 8. Bd2 dxc4 9. Bxc4 a6 10. Be2 Nb8 11. 0-0 Bd7 12. Rac1 Bc6 13. Ne5 Bd6 14. Nxc6 Nxc6 15. Bf3 Rc8 16. Ne2 e5 17. Bxc6 exd4 18. Bf3 d3 19. Qd1 dxe2 20. Qxe2 c6 21. Bc3 Qe7 22. Rfd1 Bb8 23. Rd3 Rfd8 24. Rcd1 Rxd3 25. Qxd3 Be5 26. Qf5 Re8 1/2-1/2

[Event "Klatovy op-B 22nd"]
[Site "Klatovy"]
[Date "2016.07.06"]
[Round "5"]
[White "Parpel, Petr"]
[Black "Krisman, Ondrej"]
[Result "1-0"]
[WhiteElo "1787"]
[BlackElo "1608"]
[PlyCount "71"]
[EventDate "2016.07.02"]
[EventType "swiss"]
[EventRounds "9"]
[EventCountry "CZE"]
[SourceTitle "EXT 2019"]
[Source "ChessBase"]
[SourceDate "2018.10.10"]
[SourceVersion "1"]
[SourceVersionDate "2018.10.10"]
[SourceQuality "1"]

1. d4 d5 2. c4 e6 3. Nc3 Be7 4. e3 Nf6 5. Nf3 Nc6 6. a3 0-0 7. Qc2 dxc4 8. Bxc4 Nd5 9. Bd3 g6 10. Bd2 Bf6 11. 0-0 Nxc3 12. Bxc3 Re8 13. Rac1 Qe7 14. Bb5 Bd7 15. Bxc6 Bxc6 16. e4 a5 17. Rfe1 Bb5 18. e5 Bg7 19. Bd2 Bc6 20. Bg5 Qd7 21. Rcd1 Ra6 22. Qc3 Ba4 23. b3 Rc6 24. Qe3 Bb5 25. Nd2 h5 26. Ne4 Kh7 27. Nf6+ Bxf6 28. Bxf6 a4 29. Qg5 axb3 30. Re4 b2 31. Rh4 Be2 32. g4 Bxg4 33. Rxg4 Rc1 34. Rxc1 bxc1Q+ 35. Qxc1 hxg4 36. Qg5 1-0

[Event "Klatovy op-B 22nd"]
[Site "Klatovy"]
[Date "2016.07.03"]
[Round "2"]
[White "Flajsman, Pavel"]
[Black "Parpel, Petr"]
[Result "1-0"]
[WhiteElo "1522"]
[BlackElo "1787"]
[PlyCount "113"]
[EventDate "2016.07.02"]
[EventType "swiss"]
[EventRounds "9"]
[EventCountry "CZE"]
[SourceTitle "EXT 2019"]
[Source "ChessBase"]
[SourceDate "2018.10.10"]
[SourceVersion "1"]
[SourceVersionDate "2018.10.10"]
[SourceQuality "1"]

1. e4 c5 2. b4 e6 3. Nf3 b6 4. bxc5 bxc5 5. Nc3 Nc6 6. Bb5 Bb7 7. 0-0 Qc7 8. Rb1 Nf6 9. Re1 Be7 10. Bc4 a6 11. h3 d6 12. a3 0-0 13. Ba2 Nd4 14. d3 Nxf3+ 15. Qxf3 Bc6 16. Bb2 Rab8 17. Qg3 Qa5 18. Bb3 Nh5 19. Qg4 g6 20. Re3 Bf6 21. e5 Be7 22. exd6 Bxd6 23. Ne2 Bd5 24. Bc3 Qc7 25. Qh4 Be7 26. Qa4 Rb5 27. Be5 Qb7 28. c4 Bxg2 29. cxb5 axb5 30. Qg4 Bd5 31. Bxd5 Qxd5 32. Nc3 Qc6 33. Qxh5 f6 34. Qf3 Qa6 35. Bh2 b4 36. axb4 cxb4 37. Ne4 Qa2 38. Ree1 Kg7 39. Qe2 Qd5 40. Ng3 e5 41. Qe4 Qa5 42. Qb7 Rf7 43. Qe4 Bc5 44. Ne2 b3 45. Qc4 Rb7 46. Rec1 Qd2 47. Qxc5 Qxe2 48. Qd5 Rb4 49. Rxb3 Rd4 50. Qg2 g5 51. Rbc3 h5 52. Rc7+ Kg6 53. R7c3 g4 54. h4 Qd2 55. Qg3 Kf5 56. Qe3 Qa2 57. Rc4 1-0

[Event "SVK-ch Seniors-B"]
[Site "Tatranske Matliare"]
[Date "2016.06.05"]
[Round "1"]
[White "Parpel, Petr"]
[Black "Privara, Igor"]
[Result "0-1"]
[WhiteElo "1772"]
[BlackElo "2151"]
[PlyCount "70"]
[EventDate "2016.06.05"]
[EventType "swiss"]
[EventRounds "9"]
[EventCountry "SVK"]
[SourceTitle "EXT 2023"]
[Source "ChessBase"]
[SourceDate "2022.10.05"]
[SourceVersion "1"]
[SourceVersionDate "2022.10.05"]
[SourceQuality "1"]

1. d4 Nf6 2. c4 e6 3. Nc3 c5 4. d5 exd5 5. cxd5 d6 6. e4 g6 7. Bd3 Bg7 8. Nf3 0-0 9. 0-0 Bg4 10. Bg5 a6 11. a4 Nbd7 12. h3 Bxf3 13. Qxf3 h6 14. Bf4 Qc7 15. g4 c4 16. Bc2 Rfe8 17. Qg3 Ne5 18. Qe3 Kh7 19. f3 Nfd7 20. h4 Nc5 21. Bxe5 Bxe5 22. Kg2 b5 23. axb5 axb5 24. Rxa8 Rxa8 25. f4 Bg7 26. h5 b4 27. hxg6+ fxg6 28. Nb5 Qb6 29. e5 Qxb5 30. Bxg6+ Kxg6 31. f5+ Kh7 32. f6 Rf8 33. Rh1 Qd7 34. e6 Qb7 35. Qd2 Rxf6 0-1

[Event "Klatovy op-B"]
[Site "Klatovy"]
[Date "2013.07.04"]
[Round "6"]
[White "Parpel, Petr"]
[Black "Slovak, Kilian"]
[Result "0-1"]
[WhiteElo "1815"]
[BlackElo "1735"]
[PlyCount "78"]
[EventDate "2013.06.29"]
[EventType "swiss"]
[EventRounds "9"]
[EventCountry "CZE"]
[SourceTitle "EXT 2014"]
[Source "ChessBase"]
[SourceDate "2013.11.20"]
[SourceVersion "1"]
[SourceVersionDate "2013.11.20"]
[SourceQuality "1"]

1. d4 Nf6 2. c4 g6 3. Nc3 Bg7 4. e4 d6 5. Bd3 0-0 6. Nge2 Nbd7 7. f4 e5 8. fxe5 dxe5 9. d5 Nc5 10. 0-0 Nxd3 11. Qxd3 Nd7 12. Be3 b6 13. Rf2 Ba6 14. b4 Qe7 15. b5 Bc8 16. Ng3 Nc5 17. Qc2 h5 18. Qd2 a6 19. Bg5 f6 20. Bh6 axb5 21. cxb5 Nb3 22. axb3 Rxa1+ 23. Nf1 Qb4 24. Bxg7 Kxg7 25. Qb2 Qa3 26. Qxa3 Rxa3 27. Nd2 Ra1+ 28. Ndb1 Bd7 29. Rb2 f5 30. h3 fxe4 31. Nxe4 Bxb5 32. Kh2 Bd3 33. Nbc3 Rff1 34. Ng5 h4 35. g4 hxg3+ 36. Kxg3 Rg1+ 37. Kh4 Raf1 38. Ne6+ Kf6 39. Rd2 Rf5 0-1

[Event "Teplice op 8th"]
[Site "Teplice"]
[Date "2013.06.19"]
[Round "5"]
[White "Parpel, Petr"]
[Black "Horak, Ales"]
[Result "0-1"]
[WhiteElo "1778"]
[BlackElo "1977"]
[PlyCount "26"]
[EventDate "2013.06.15"]
[EventType "swiss"]
[EventRounds "9"]
[EventCountry "CZE"]
[SourceTitle "CBM 155 Extra"]
[Source "ChessBase"]
[SourceDate "2013.08.26"]
[SourceVersion "1"]
[SourceVersionDate "2013.08.26"]
[SourceQuality "1"]

1. d4 f5 2. c4 d6 3. Nc3 Nf6 4. e3 c6 5. Nf3 g6 6. Qc2 Na6 7. a3 Bg7 8. Rb1 0-0 9. b4 Nc7 10. Bb2 e6 11. Be2 d5 12. c5 Bd7 13. 0-0 Qe7 0-1

[Event "Czechia KP-chTA 0607"]
[Site "Czech Republic"]
[Date "2006.11.12"]
[Round "2.4"]
[White "Gasek, Stanislav"]
[Black "Parpel, Petr"]
[Result "1/2-1/2"]
[WhiteElo "1831"]
[BlackElo "1864"]
[PlyCount "91"]
[EventDate "2006.10.29"]
[EventType "team"]
[EventRounds "11"]
[EventCountry "CZE"]
[SourceTitle "EXT 2008"]
[Source "ChessBase"]
[SourceDate "2007.11.25"]
[SourceVersion "1"]
[SourceVersionDate "2007.11.25"]
[SourceQuality "1"]
[WhiteTeam "Pribram II"]
[BlackTeam "Tisice"]
[WhiteTeamCountry "CZE"]
[BlackTeamCountry "CZE"]

1. d4 d5 2. c4 c6 3. Nf3 Nf6 4. Nc3 e6 5. Bg5 Be7 6. e3 Nbd7 7. Rc1 0-0 8. Bd3 a6 9. a3 Nh5 10. Bxe7 Qxe7 11. 0-0 f5 12. Ne5 Nhf6 13. b4 Ne4 14. f3 Nxc3 15. Rxc3 Nxe5 16. dxe5 Bd7 17. f4 Rac8 18. c5 g5 19. g4 Qg7 20. gxf5 gxf4+ 21. Kh1 Qxe5 22. fxe6 Bxe6 23. Qc2 Rc7 24. exf4 Rxf4 25. Rxf4 Qxf4 26. Qe2 Qg4 27. Bxa6 Qxe2 28. Bxe2 Bf5 29. Rg3+ Rg7 30. Kg2 Bg6 31. a4 Kf8 32. Kf2 Re7 33. Re3 Be4 34. a5 d4 35. Ra3 Rg7 36. Rg3 Rf7+ 37. Ke1 Ke7 38. Rg4 Bd5 39. Rxd4 Rg7 40. Rg4 Rxg4 41. Bxg4 Bc4 42. Kd2 Kf6 43. Ke3 Ke5 44. Bf3 h6 45. Be4 Bb5 46. Bf3 1/2-1/2

[Event "CZE-chT3A Middle 0506  "]
[Site "Czech Republic"]
[Date "2006.03.05"]
[Round "9.7"]
[White "Parpel, Petr"]
[Black "Navratil, Oldrich"]
[Result "1-0"]
[WhiteElo "1798"]
[BlackElo "1743"]
[PlyCount "76"]
[EventDate "2005.10.30"]
[EventType "team"]
[EventRounds "11"]
[EventCountry "CZE"]
[SourceTitle "EXT 2009"]
[Source "ChessBase"]
[SourceDate "2008.11.26"]
[SourceVersion "1"]
[SourceVersionDate "2008.11.26"]
[SourceQuality "1"]

1. d4 Nf6 2. c4 d6 3. Nc3 g6 4. e4 Bg7 5. Bd3 Nc6 6. Nge2 0-0 7. 0-0 Ne8 8. Be3 f5 9. f4 e6 10. Rc1 Nf6 11. b3 Qe7 12. Qd2 Nb4 13. Bb1 c6 14. a3 Na6 15. b4 Nc7 16. Ng3 d5 17. cxd5 cxd5 18. e5 Ne4 19. Ngxe4 fxe4 20. Qb2 Ne8 21. Bc2 Bd7 22. Bd1 a6 23. Rf2 Bh6 24. Bg4 Bg7 25. h4 h5 26. Bd1 Bh6 27. Qd2 Rc8 28. Ne2 Rxc1 29. Nxc1 Ng7 30. g4 hxg4 31. Bxg4 a5 32. Rg2 axb4 33. axb4 Qf7 34. Qf2 Nf5 35. Bxf5 Qxf5 36. Qe2 Kh7 37. Qg4 Qf7 38. Ne2 Qe7 1-0

[Event "CZE-chT3A Middle 0506  "]
[Site "Czech Republic"]
[Date "2006.01.22"]
[Round "6.6"]
[White "Parpel, Petr"]
[Black "Hurka, Jiri"]
[Result "1/2-1/2"]
[WhiteElo "1798"]
[BlackElo "1800"]
[PlyCount "68"]
[EventDate "2005.10.30"]
[EventType "team"]
[EventRounds "11"]
[EventCountry "CZE"]
[SourceTitle "EXT 2009"]
[Source "ChessBase"]
[SourceDate "2008.11.26"]
[SourceVersion "1"]
[SourceVersionDate "2008.11.26"]
[SourceQuality "1"]

1. d4 d5 2. c4 dxc4 3. e4 Nf6 4. Nc3 e6 5. Bxc4 c6 6. Nf3 Bb4 7. Bg5 Qa5 8. Bd2 Nbd7 9. 0-0 0-0 10. a3 Be7 11. Nd5 Qd8 12. Nxe7+ Qxe7 13. Qc2 h6 14. Bb4 c5 15. dxc5 Nxc5 16. Bxe6 Bxe6 17. Qxc5 Qxc5 18. Bxc5 Rfc8 19. e5 Rxc5 20. exf6 gxf6 21. Nd4 Rac8 22. Nxe6 fxe6 23. Rad1 R8c7 24. g3 Kf7 25. Rd3 Rc2 26. b4 Ke7 27. Rfd1 R2c3 28. Kg2 Rxd3 29. Rxd3 e5 30. g4 Rc4 31. f3 b5 32. Kg3 Ke6 33. h4 Rd4 34. Rc3 Rc4 1/2-1/2